| 000 | 00000nam##2200000za#4500 |
| 001 | 9.590565 |
| 003 | CaOODSP |
| 005 | 20210624200204 |
| 007 | cr ||||||||||| |
| 008 | 150406|1996||||xxc|||||o f|0| 0 eng|d |
| 040 | |aCaOODSP|beng |
| 041 | |aeng |
| 041 | |afre |
| 043 | |an-cn--- |
| 086 | 1 |aS52-2/230-1996-PDF |
| 110 | 1 |aCanada. |bPublic Works and Government Services Canada. |bTranslation Bureau. |
| 245 | 10|aExport financing and insurance vocabulary / |h[electronic resource]|c[by] Janeen Johnston-Des-Rochers in co-operation with Inés Barry, Maguy Robert. |
| 246 | 1 |iAlternate title : |aVocabulario del Financiamiento y Segura al la Exportación |
| 260 | |aOttawa - Ontario : |bPublic Works and Government Services Canada. |cc1996. |
| 300 | |a606p. |
| 490 | 1 |aTerminology bulletin|vNo. 230 |
| 500 | |aDigitized edition from print. [Produced by Publishing and Depository Services, 2014.] Issued by Terminology and Standarization Directorate. Translation Bureau. Includes text in Spanish. |
| 590 | |a14-22-Supp|b2014-12-24 |
| 720 | 1 |aJohnston-Des-Rochers, Janeen |
| 720 | 1 |aMaguy, Robert |
| 776 | 0#|tVocabulaire du financement et de l'assurance à l'exportation / |w(CaOODSP)9.527249 |
| 792 | |tVocabulaire du financement et de l'assurance à l'exportation / |efre|w(CaOODSP)9.590566 |
| 830 | #0|aTerminology bulletin ;|vNo. 230|w(CaOODSP)9.500139 |
| 856 | 40|ahttp://publications.gc.ca|qPDF|s5332 KB|uhttps://publications.gc.ca/collections/collection_2014/tpsgc-pwgsc/S52-2-230-1996.pdf|yNo. 230 |